Teaching with love & logic : (Record no. 13303)

000 -LEADER
fixed length control field 01192cam a2200325 a 4500
001 - CONTROL NUMBER
control field 4451145
003 - CONTROL NUMBER IDENTIFIER
control field OSt
005 - DATE AND TIME OF LATEST TRANSACTION
control field 20181004093103.0
008 - FIXED-LENGTH DATA ELEMENTS--GENERAL INFORMATION
fixed length control field 950324s1995 coua b 001 0 eng
010 ## - LIBRARY OF CONGRESS CONTROL NUMBER
LC control number 95014613
020 ## - INTERNATIONAL STANDARD BOOK NUMBER
International Standard Book Number 094463429X (hc)
040 ## - CATALOGING SOURCE
Original cataloging agency DLC
Transcribing agency DLC
Modifying agency DLC
043 ## - GEOGRAPHIC AREA CODE
Geographic area code n-us---
050 00 - LIBRARY OF CONGRESS CALL NUMBER
Classification number LB3012.2
Item number .F39 1995
082 00 - DEWEY DECIMAL CLASSIFICATION NUMBER
Classification number 371.5/0973
Edition number 20
100 1# - MAIN ENTRY--PERSONAL NAME
Personal name Fay, Jim.
245 10 - TITLE STATEMENT
Title Teaching with love & logic :
Remainder of title taking control of the classroom /
Statement of responsibility, etc. Jim Fay & David Funk.
246 3# - VARYING FORM OF TITLE
Title proper/short title Teaching with love and logic
250 ## - EDITION STATEMENT
Edition statement 1st ed.
260 ## - PUBLICATION, DISTRIBUTION, ETC. (IMPRINT)
Place of publication, distribution, etc. Golden, CO :
Name of publisher, distributor, etc. Love and Logic Press,
Date of publication, distribution, etc. c1995.
300 ## - PHYSICAL DESCRIPTION
Extent xv, 399 p. :
Other physical details ill. ;
Dimensions 24 cm.
504 ## - BIBLIOGRAPHY, ETC. NOTE
Bibliography, etc Includes bibliographical references (p. 373-390) and index.
650 #0 - SUBJECT ADDED ENTRY--TOPICAL TERM
Topical term or geographic name as entry element School discipline
Geographic subdivision United States.
650 #0 - SUBJECT ADDED ENTRY--TOPICAL TERM
Topical term or geographic name as entry element Classroom management
Geographic subdivision United States.
700 1# - ADDED ENTRY--PERSONAL NAME
Personal name Funk, David,
Dates associated with a name 1946-
906 ## - LOCAL DATA ELEMENT F, LDF (RLIN)
a 7
b cbc
c orignew
d 1
e ocip
f 19
g y-gencatlg
942 ## - ADDED ENTRY ELEMENTS (KOHA)
Source of classification or shelving scheme
Koha item type Hard Covered Materials
Classification part QA 76.73 .C153 2001
Holdings
Withdrawn status Lost status Source of classification or shelving scheme Damaged status Not for loan Home library Current library Shelving location Date acquired Source of acquisition Total Checkouts Full call number Barcode Date last seen Date last checked out Price effective from Koha item type
          MACHAKOS UNIVERSITY LIBRARY MACHAKOS UNIVERSITY LIBRARY Open shelf 10/08/2016 Donation (BFA) 1 LB3012.2.F39 1995 24548 16/07/2019 26/06/2019 10/08/2016 Hard Covered Materials
© Machakos University Library, Along The Highway, Machakos Wote Rd, Machakos, Kenya P.O. Box 136 - 90100 Machakos - Kenya

Tel: ( +254 ) 723 805829 OR Fax : 044-20353 OR Email: library@mksu.ac.ke